000 00429 a2200157 4500
001 61392
020 _a9788516054083
040 _cAnchieta - Pituba
100 _aCamargos, Marcia
240 1 0 _aJuca e Joyce
_lpor
245 1 0 _aJuca e Joyce
300 _a112
362 0 _a2007
650 4 _aPessoas em literatura, história, biografia, genealogia (incluindo historiadores, escritores e críticos da literatura)
942 _cBK
999 _c61392
_d61392